000 01162cam a2200397 a 4500
001 data
005 20260322212107.0
008 data
035 _a734601
906 _a7
_bcbc
_corignew
_d3
_encip
_f19
_gy-gencatlg
010 _a 98170638
020 _a8623030729
020 _a9788623030727
035 _9(DLC) 98170638
040 _aDLC
_cDLC
_dDLC
043 _ae-yu---
050 0 0 _aHB701
_b.M355 1997
100 1 _aMarković, Živko,
_d1933-
245 1 0 _a(Ne) svojina /
_cŽivko Marković.
246 3 _aNesvojina
246 3 _aSvojina
260 _aBeograd :
_bNaučna knjiga,
_c1997.
300 _a127 p. ;
_c21 cm.
336 _atext
_btxt
_2rdacontent
337 _aunmediated
_bn
_2rdamedia
338 _avolume
_bnc
_2rdacarrier
504 _aIncludes bibliographical references.
546 _aIn Serbo-Croatian
_b(roman).
650 0 _aProperty.
650 0 _aGovernment property.
650 0 _aProperty
_zYugoslavia.
922 _aax
991 _bc-GenColl
_hHB701
_i.M355 1997
_tCopy 1
_wBOOKS
999 _c1587
_d1587